000 00919nam a22002537a 4500
005 20110915161811.0
008 110915t xxu||||| |||| 00| 0 eng d
010 _aENG-103698
020 _a9788184503852
_c780.00
035 _aEN-87231
037 _bDBAD/PUB
040 _aDPL
_bEng
082 _a001.42
100 _934730
_aSharma, Jai Narain
245 _aResearch methodology :
_cby Jai Narain Sharma
_bthe discipline and its dimensions /
250 _a2nd rev. ed
260 _aNew Delhi
_bDeep and Deep Publications
_c2011
270 _aF-159, Rajouri Garden
_bNew Delhi
_e110027
300 _axviii,311p.
_c23cm (Hb)
500 _aIncludes bibliographical references and index
700 _934731
942 _2ddc
_cEN
_mSHA
_h001.42
999 _c56639
_d56639